000 00885nam a22002897a 4500
001 BR9503179
003 BR-BrBNA
005 20230928094525.0
007 ta
008 230509b bl.||||| |||| 00| 0 por d
040 _aBR-BrBNA
_bpor
_cBiblioteca Nacional de Agricultura
041 _a(Por)
072 _aF62
_b3290
_b3575
090 _ 3290 BR9503179
100 1 _aLaura, V.A.
110 1 _aEscola Superior de Agricultura de Lavras, MG (Brasil)
_0Tese (Mestre em Fisiologia Vegetal)
245 1 _aGerminacao de sementes de calabura (Muntingia calabura L.)
260 3 _aLavras, MG (Brasil):
_c1993.
300 _a45 p.
500 _a5 tables; 5 graphs; Bibliography p. 38-45 (66 ref.); Summaries (Eng, Por)
650 _aCalabura
650 _aSemente
650 _aGerminacao
650 _aFisiologia Vegetal
909 _a202309
_bLucia
_c55
_dLucia Elande
942 _cBK
999 _c51148
_d51148